Supply Chain and Logistics / Το Περιοδικό για την Εφοδιαστική Αλυσίδα (Record no. 9640)
[ view plain ]
| 000 -LEADER | |
|---|---|
| fixed length control field | 01270cam a22001694a 4500 |
| 005 - ΗΜΕΡΟΜΗΝΙΑ ΚΑΙ ΩΡΑ ΤΕΛΕΥΤΑΙΑΣ ΕΝΗΜΕΡΩΣΗΣ | |
| Πεδίο ελέγχου | 20250605163717.0 |
| 008 - FIXED-LENGTH DATA ELEMENTS--GENERAL INFORMATION | |
| Πεδίο ελέγχου σταθερού μήκους | 250528s ||||||||||||||||||||||||d |
| 035 ## - SYSTEM CONTROL NUMBER | |
| System control number | 24793 |
| 040 ## - ΠΗΓΗ ΚΑΤΑΛΟΓΟΓΡΑΦΗΣΗΣ | |
| Φορέας πρωτότυπης καταλογογράφησης | MC Athens Campus Library |
| Γλώσσα καταλογογράφησης | Ελληνικά, Μοντέρνα (1453-) |
| Modifying agency | MC Athens Campus Library |
| Κανόνες περιγραφικής καταλογογράφησης | AACR2 |
| 245 1# - ΤΙΤΛΟΣ ΚΑΙ ΔΗΛΩΣΗ ΥΠΕΥΘΥΝΟΤΗΤΑΣ | |
| Τίτλος | Supply Chain and Logistics / Το Περιοδικό για την Εφοδιαστική Αλυσίδα |
| 260 ## - PUBLICATION, DISTRIBUTION, ETC. | |
| Name of publisher, distributor, etc. | Parametros Group |
| -- | Scl Magazine, |
| Date of publication, distribution, etc. | 2023 |
| 300 ## - PHYSICAL DESCRIPTION | |
| Extent | 112 |
| 520 ## - SUMMARY, ETC. | |
| Summary, etc. | Ψηφιακά Εργαλεία στην Εφοδιαστική Αλυσίδα: Τα Χρειαζόμαστε Όλοι, Όλα, Megaplast & Raben Intertrans: Μεταφέροντας Καινοτόμα Υλικά Συσκευασίας από την Ελλάδα στην Ευρώπη, Metro ΑΕΒΕ: Υψηλών Λυνατοτήτων το Νέο Κέντρο Διανομής 45 Χιλ. Τ.Μ. στην Γέφυρα Θεσαλλονίκης, Το Κλειδί για τα Logistics του Μέλλοντος δεν Είναι στην Πλήρη Ψηφιοποίηση αλλά στην Πλήρη Συνεργασία, Τα Νέα της ΈΑΚΘΕΣΗς 'Εφοδιαστική Αλυσίδα και Logistics' 2023 & το Πρόγραμμα Θεματικών των. |
| 942 ## - ADDED ENTRY ELEMENTS (KOHA) | |
| Koha item type | Περιοδικά Δημοσιεύματα |
| Τύπος τεκμηρίου | Βιβλιοθήκη | Τρέχουσα τοποθεσία | Barcode | Ημερομηνία απόκτησης | Ταξιθετικό σύμβολο | Αριθμός αντιτύπου | Αρίθμηση σειρών / χρονολογία | Κατάσταση απόσυρσης | Κατάσταση χαμένου | Κατάσταση κατεστραμμένου | Μη δανεισμός | Σύνολο δανεισμών | Ημερομηνία τελευταίας εμφάνισης | Η τιμή ισχύει από |
|---|---|---|---|---|---|---|---|---|---|---|---|---|---|---|
| Περιοδικά Δημοσιεύματα | MC Athens Campus Library | MC Athens Campus Library | 9780000096395 | 05/06/2025 | SUPPLY CHAIN & LOGISTICS | 1 | 135 | 05/06/2025 | 05/06/2025 |